000 00490nam a22001817a 4500
003 CEME
005 20210628203247.0
008 210302b xxu||||| |||| 00| 0 eng d
020 _a0-669-41727-0
040 _c.
082 _a512.1 LAR
100 _aLarson, Roland E, Hosterler, Robert P
_964355
245 _aPrecalculus function and graphs
260 _aNEW YORK
_bHOUGHTON MIFFLIN
_c1997
300 _aXXV,1189P
650 _aCALACULUS FUNCTIONS, GRAPHS
_964356
942 _cBK
_2ddc
999 _c572875
_d572875